1690 1279 1267 1352 1244 1944 1309 1637 1280 1150 1460 1933 1456 1124 1450 1551 1923 1104 1618 1665 1364 1407 1664 1760 1189 1332 1534 1741 1396 1936 1288 1987 1317 1399 1547 1799 1672 1584 1250 1280 1255 1087 1876 1780 1694 1118 1202 1191 1195 1456 1655 1653 1460 1664 1582 1148 1556 1626 1065 1703 1120 1741 1926 1844 1523 1864 1554 1506 1754 1725 1113 1173 1110 1100 1205 1935 1623 1649 1607 1669 1792 1309 1048 1361 1985 1138 1960 1767 1110 1245 1669 1642 1856 1841 1783 1593 1042 1922 1717 BCNSPRNW ULIB Ver.6.0+V

เปลี่ยนเป็นภาษาไทย

Change to English
 แสดงรายละเอียดบรรณานุกรม
  กลับหน้าหลัก

Brief Record : Get Marc (ISO 2709) : E-mail record : QR code < ปิดหน้าต่าง
LEADER : 00000nam 2200000uu 4500
001    13399127963
003     ULIB
008    020711s2563 th a 000 0 tha d
020    ^a9786168243503
050    ^aนว.^bม-ล
100    ^aเมษาริน
245    ^aเล่ห์พระจันทร์
250    ^aพิมพ์ครั้งที่ 1
260    ^aกรุงเทพฯ :^bสำนักพิมพ์ดีบุ๊คส์,^c2563
300    ^a399 หน้า;^b21 ซม.
650    ^aนวนิยาย
945    ^p310^l0^i008553
999    ^aประนอม เกษจรัล
รายการนี้ยังไม่มีแท็ก
คุณยังไม่ได้ล็อกอิน คุณสามารถมีกิจกรรมร่วมกับเว็บไซต์ได้ แต่ต้องล็อกอินก่อน ::
  ล็อกอิน

รายการสื่อสารสนเทศ

ลำดับที่ ประเภท เลขเรียก/บาร์โค้ด สถานที่ สถานะ
1. นวนิยาย
นวนิยาย
นว. ม-ล ฉ.1 
  Barcode: 008553
ห้องสมุดวิทยาเขตสวรรค์ประชารักษ์
►นวนิยาย
บนชั้น
  ขอยืม

รายการใกล้เคียง
    ชื่อเรื่อง [เล่ห์พระจันทร์]

    ผู้แต่ง [เมษาริน]

    หัวเรื่อง [นวนิยาย]

BibComment


ยังไม่เคยถูกคอมเมนท์

คอมเมนท์ทรัพยากรรายการนี้
  คอมเมนท์: เล่ห์พระจันทร์


 Copyright 2026. Bcnsprnw @Library